Statistics for Charles de Gaulle Airport Destinations (Paris, France)

Click here to take the quiz!

General Stats

  • This quiz has been taken 110 times
  • The average score is 197 of 270

Answer Stats

AirlineDestination% Correct
Etihad AirwaysAbu Dhabi
97%
Air France/easyJetNice
97%
Air Algerie/Air France/ASL Airlines FranceAlgiers
96%
Air France/easyJet/Iberia ExpressMadrid
96%
Air FranceMarseille
96%
Air France/KLMAmsterdam
94%
Air France/easyJet/VuelingBarcelona
94%
Air France/EgyptairCairo
94%
Air France/EmiratesDubai (International)
94%
Royal JordanianAmman (Queen Alia)
93%
Brussels AirlinesBrussels
93%
Air France/Air Tahiti Nui/Delta Air LinesLos Angeles
93%
Air France/American Airlines/Delta Air Lines/JetBlue/Norse Atlantic AirwaysNew York (JFK)
93%
Air France/Norwegian Air Shuttle/Scandinavian AirlinesOslo
93%
SaudiaRiyadh
93%
Aegean Airlines/Air France/Sky ExpressAthens
91%
Air France/Thai Airways InternationalBangkok (Suvarnabhumi)
91%
Air China/Air FranceBeijing (Capital)
91%
Air FranceBordeaux
91%
Air France/Royal Air MarocCasablanca
91%
Air France/easyJet/Norwegian Air Shuttle/Scandinavian AirlinesCopenhagen
91%
Air France/Air India/VistaraDelhi
91%
Air France/FinnairHelsinki
91%
Air France/easyJetLisbon
91%
easyJetLondon (Gatwick)
91%
Air France/British AirwaysLondon (Heathrow)
91%
easyJetLondon (Luton)
91%
Air FranceLyon
91%
Aeromexico/Air FranceMexico City
91%
Air France/United AirlinesSan Francisco
91%
Air France/Arkia/ASL Airlines France/easyJet/El AlTel Aviv
91%
Azerbaijan AirlinesBaku
90%
Air France/Middle East AirlinesBeirut
90%
Air France/easyJetBerlin
90%
Qatar AirwaysDoha
90%
Aer Lingus/Air FranceDublin
90%
Air France/EurowingsHamburg
90%
Air Canada/Air France/Air TransatMontreal (Trudeau)
90%
Air France/easyJetPorto
90%
airBalticRiga
90%
Air Canada/Air France/Air TransatToronto (Pearson)
90%
Air FranceTunis
90%
Air FranceValencia
90%
Air France/LOT Polish AirlinesWarsaw (Chopin)
90%
LOT Polish AirlinesWarsaw (Radom)
90%
Ethiopian AirlinesAddis Ababa
89%
Air SerbiaBelgrade
89%
Air France/Delta Air LinesBoston
89%
Air France/Air SenegalDakar (Diass)
89%
Air France/American AirlinesDallas/Fort Worth
89%
Air FranceGeneva
89%
Air France/Cathay PacificHong Kong
89%
Air France/AnadoluJet/Pegasus Airlines/Turkish AirlinesIstanbul
89%
Air France/easyJet/ITA AirwaysMilan (Linate)
89%
Air France/easyJetMilan (Malpensa)
89%
Air France/LufthansaMunich
89%
Air FranceNantes
89%
Air FranceRio de Janeiro (Galeao)
89%
Air France/Norwegian Air Shuttle/Scandinavian AirlinesStockholm (Arlanda)
89%
Air France/All Nippon Airways/Japan AirlinesTokyo (Haneda)
89%
Air FranceTokyo (Narita)
89%
Air France/Austrian AirlinesVienna
89%
Air France/United AirlinesWashington (Dulles)
89%
Air France/Croatia AirlinesZagreb
89%
Air France/American Airlines/United AirlinesChicago (O'Hare)
87%
Air France/LufthansaFrankfurt
87%
SaudiaJeddah
87%
Kuwait AirwaysKuwait City
87%
Air France/easyJetManchester
87%
Oman AirMuscat
87%
Air France/Kenya AirwaysNairobi (Jomo Kenyatta)
87%
Air France/Czech AirlinesPrague
87%
Air France/ITA Airways/VuelingRome (Fiumicino)
87%
Air France/LATAM ChileSantiago de Chile
87%
VuelingSantiago de Compostela
87%
Air France/LATAM ChileSao Paulo (Guarulhos)
87%
airBalticTallinn
87%
Air FranceToulouse
87%
Air France/Swiss International Air LinesZurich
87%
Air France/Delta Air LinesAtlanta
86%
Aer Lingus/Air FranceCork
86%
Air France/Croatia AirlinesDubrovnik
86%
Air France/easyJetKrakow
86%
Air France/Air MaltaMalta
86%
Air France/easyJet/Royal Air MarocMarrakesh
86%
Air France/American AirlinesMiami
86%
Air France/China Eastern AirlinesShanghai (Pudong)
86%
Air FranceVancouver
86%
Air France/Norwegian Air ShuttleBergen
84%
Air France/TAROMBucharest
84%
Air FranceBudapest
84%
Vietnam AirlinesHanoi
84%
Air France/easyJetMalaga
84%
Air France/Air MauritiusMauritius
84%
Air FranceMumbai
84%
Air France/easyJetPalermo
84%
Air France/easyJetPalma de Mallorca
84%
American AirlinesPhiladelphia
84%
Air France/Asiana Airlines/Korean AirSeoul (Incheon)
84%
AnadoluJet/Pegasus Airlines/SunExpressAnkara
83%
Air FranceBuenos Aires (Ezeiza)
83%
American AirlinesCharlotte
83%
Air France/easyJetEdinburgh
83%
Aegean Airlines/Air France/easyJet/Sky ExpressHeraklion
83%
LuxairLuxembourg
83%
Air FranceRabat
83%
Air France/VuelingSeville
83%
Air France/Singapore AirlinesSingapore
83%
Air France/Bulgaria AirSofia
83%
Air France/Georgian AirwaysTbilisi
83%
airBalticVilnius
83%
Corendon Airlines/SunExpressAntalya
81%
Air FranceCape Town
81%
easyJetGlasgow
81%
Air France/Vietnam AirlinesHo Chi Minh City
81%
Air FranceHouston (Intercontinental)
81%
Icelandair/PlayReykjavik
81%
Air France/Air Tahiti Nui/Delta Air LinesSeattle/Tacoma
81%
Air France/Croatia Airlines/easyJetSplit
81%
EVA AirTaipei (Taoyuan)
81%
Uzbekistan AirwaysTashkent
81%
Air FranceTurin
81%
Air France/easyJetVenice
81%
Air AstanaAstana
80%
Air France/VuelingBilbao
80%
Air FranceBogota
80%
Air France/SriLankan AirlinesColombo (Bandaranaike)
80%
Air FranceDenver
80%
Air FranceLima
80%
Air France/easyJetTenerife (South)
80%
Aegean Airlines/Air FranceThessaloniki
80%
VuelingAlicante
79%
Air France/Air MadagascarAntananarivo
79%
WestJetCalgary
79%
Air FranceCancun
79%
Air FranceFlorence
79%
China Southern AirlinesGuangzhou
79%
Corendon Airlines/SunExpressIzmir
79%
Air FranceJohannesburg (O.R. Tambo)
79%
Air France/easyJetNaples
79%
Air France/United AirlinesNewark
79%
Air ArabiaTangier
79%
Iran AirTehran (Imam Khomeini)
79%
Air France/easyJetAjaccio
77%
Air FranceBasel/Mulhouse
77%
Air France/Delta Air LinesDetroit
77%
Air FranceDusseldorf
77%
Air ArabiaFes
77%
Air Algerie/Air FranceOran
77%
Air FranceOsaka (Kansai)
77%
Air FranceAccra
76%
Gulf AirBahrain
76%
Air France/easyJetBari
76%
Air FranceLagos
76%
Air FranceSalzburg
76%
easyJetBelfast (International)
74%
Cyprus Airways/easyJet/Tus AirwaysLarnaca
74%
Delta Air LinesMinneapolis/St. Paul
74%
Air MontenegroPodgorica
74%
Air FranceTirana
74%
Air France/FlyOneYerevan
74%
Air FranceAbidjan
73%
Air FranceBangalore
73%
Air France/easyJetFaro
73%
Air FranceLuanda
73%
Air FranceSan Jose de Costa Rica (Juan Santamaria)
73%
Air France/easyJetCatania
71%
Air FranceGothenburg
71%
Air FranceIbiza
71%
Air FranceInnsbruck
71%
Air FranceKinshasa (N'djili)
71%
easyJetLiverpool
71%
Air Cairo/EgyptairLuxor
71%
Air FranceOttawa
71%
Air FranceBirmingham
70%
Air FranceBologna
70%
easyJetBristol
70%
VoloteaGenoa
70%
Air France/VuelingGran Canaria
70%
Air FranceMale
70%
Air FranceRennes
70%
easyJetFunchal
69%
Air FranceNewcastle upon Tyne
69%
Delta Air LinesRaleigh/Durham
69%
Delta Air LinesSalt Lake City
69%
Norwegian Air ShuttleStavanger
69%
Air FranceHannover
67%
Jet2.comLeeds/Bradford
67%
Air France/Air TransatQuebec City
67%
Air FranceAbuja
66%
Air France/easyJetCorfu
66%
Air FranceLjubljana
66%
Air FranceRhodes
66%
Air FranceStuttgart
66%
Air FranceYaounde
66%
Air FranceDar es Salaam
64%
Air FranceHavana
64%
Air FranceMontpellier
64%
Air France/easyJetMykonos
64%
Air FrancePanama City (Tocumen)
64%
Air FranceBrest
63%
Air FranceCagliari
63%
Air FranceLomé
63%
Air FranceSantorini
63%
Air Corsica/Air France/easyJetBastia
61%
Air FranceBrazzaville
61%
FlyOneChisinau
61%
Delta Air LinesCincinnati
61%
Air France/ASL Airlines France/TunisairDjerba
61%
easyJetMenorca
60%
Air FranceN'Djamena
60%
Hainan AirlinesShenzhen
60%
Air FranceChennai
59%
Hainan AirlinesChongqing
59%
Air AlgerieConstantine
59%
Air FranceNiamey
59%
Air FranceNuremberg
59%
Air FranceOuagadougou
59%
Nouvelair/TunisairMonastir
57%
VoloteaVerona
57%
Air FranceBamako
56%
easyJetBergamo
56%
Air FranceBillund
56%
Air FranceFreetown
56%
Air FranceKyiv
56%
Air France/Air Tahiti NuiPapeete
56%
Air FranceZanzibar
56%
Air FranceConakry
54%
Azores AirlinesPonta Delgada
54%
Air FranceDouala
53%
Air FranceLibreville
53%
Air France/easyJetOlbia
53%
Hainan AirlinesXi'an
53%
Air FranceBangui
51%
SunExpressBodrum
51%
easyJetLanzarote
51%
Air France/easyJetBiarritz
50%
easyJetFuerteventura
50%
Air FranceNouakchott
50%
Air FranceCotonou
47%
Air FranceDjibouti
47%
NouvelairSfax
47%
Air FranceTromso
47%
Air FranceMalabo
46%
easyJetToulon
46%
ASL Airlines France/Royal Air MarocOujda
44%
easyJetPula
44%
Air AlgerieAnnaba
40%
XiamenAirFuzhou
40%
Air FranceSt. Maarten
40%
China Eastern AirlinesQingdao
39%
Atlantic AirwaysVagar
39%
Air FranceClermont-Ferrand
37%
Air FrancePointe-Noire
36%
easyJetFigari
34%
Air AlgerieTlemcen
33%
Air FranceFortaleza
31%
Air France/ASL Airlines FrancePau
30%
Air AlgerieBejaia
29%
Air Austral/Air FranceSaint-Denis de la Reunion
29%
ASL Airlines France/easyJetCalvi
27%
Air FranceKittila
27%
Air AlgerieBiskra
26%
Air Algerie/ASL Airlines FranceChlef
23%
Air AustralDzaoudzi
23%
Hainan AirlinesGuiyang
20%
Air AlgerieEl Oued
19%
Uzbekistan AirwaysUrgench
19%
SaudiaAl Ula
16%
TunisairTozeur
16%

Score Distribution

Percentile by Number Answered

Percent of People with Each Score

Your Score History

You have not taken this quiz